<?xml version="1.0" encoding="UTF-8"?>
<collection xmlns="http://www.loc.gov/MARC21/slim">
  <record>
    <leader>00000nam  2200000   4500</leader>
    <controlfield tag="001">INLIS000000000019352</controlfield>
    <controlfield tag="005">20250218100207</controlfield>
    <datafield tag="035" ind1="#" ind2="#">
      <subfield code="a">0010-0225000309</subfield>
    </datafield>
    <controlfield tag="007">ta</controlfield>
    <controlfield tag="008">250218###########################0######</controlfield>
    <datafield tag="100" ind1=" " ind2="#">
      <subfield code="a">Wahyu Sri Handayani</subfield>
    </datafield>
    <datafield tag="245" ind1="1" ind2="#">
      <subfield code="a">Hak Asasi Manusia /</subfield>
      <subfield code="c">Wahyu Sri Handayani</subfield>
    </datafield>
    <datafield tag="260" ind1="#" ind2="#">
      <subfield code="a">Klaten :</subfield>
      <subfield code="b">Cempaka Putih,</subfield>
      <subfield code="c">2019</subfield>
    </datafield>
    <datafield tag="300" ind1="#" ind2="#">
      <subfield code=";"/>
      <subfield code="c">2,6 MB</subfield>
    </datafield>
    <datafield tag="650" ind1="#" ind2="4">
      <subfield code="a">Hak Asasi Manusia</subfield>
    </datafield>
    <datafield tag="520" ind1="#" ind2="#">
      <subfield code="a">Buku  Hak Asasi Manusia ini terbit bertujuan memberikan informasi lengkap tentang hak asasi manusia, mulai dari sejarah perkembangan hak asasi manusia, instrumen hukum HAM dan lembaga peradilan HAM, upaya pemerintah menegakkan HAM, sampai peran warga negara dalam menegakkan HAM. Setelah memahami upaya-upaya penegakan hak asasi manusia, diharapkan para pembaca, terutama para siswa sekolah menengah pertama (SMP) dan sekolah menengah atas (SMA) dapat ikut serta menegakkan HAM, baik di lingkungan keluarga, sekolah, masyarakat, maupun bangsa dan negara.</subfield>
    </datafield>
    <datafield tag="856" ind1="#" ind2="#">
      <subfield code="a">https://web-ipustakalan.moco.co.id/book/e140859a-68d0-412f-aef1-086c948a3c93</subfield>
    </datafield>
    <datafield tag="020" ind1="#" ind2="#">
      <subfield code="a">978-623-202-051-1</subfield>
    </datafield>
    <datafield tag="082" ind1="#" ind2="#">
      <subfield code="a">323</subfield>
    </datafield>
    <datafield tag="084" ind1="#" ind2="#">
      <subfield code="a">323  WAH h</subfield>
    </datafield>
    <datafield tag="990" ind1="#" ind2="#">
      <subfield code="a">2024/4/A/0182</subfield>
    </datafield>
    <datafield tag="990" ind1="#" ind2="#">
      <subfield code="a">2024/4/A/0183</subfield>
    </datafield>
  </record>
</collection>
